NBA team quizzes (Boston Celtics) - Statistics

General Stats
  • This quiz has been taken 83 times
  • The average score is 22 of 25
Answer Stats
Hint Answer % Correct
how many rings do the Celtics have 18
99%
player who won 11 rings with the celtics Bill Russell
99%
18th ring year 2024
92%
17th ring year 2008
91%
first ring year 1957
88%
9th ring year 1966
88%
10th ring year 1968
88%
11th ring year 1969
88%
12th ring year 1974
88%
13th ring year 1976
88%
14th ring year 1981
88%
2nd ring year 1959
87%
3rd ring year 1960
87%
4th ring year 1961
87%
5th ring year 1962
87%
6th ring year 1963
87%
7th ring year 1964
87%
8th ring year 1965
87%
15th ring year 1984
87%
16th ring year 1986
87%
all time leading scorer John Havlicek
85%
how many finals have the Celtics went to? 23
84%
how many retired jersey numbers? 24
81%
what number did Paul Pierce wear 34
79%
most recent jersey retire player Paul Pierce
72%
No matching quizzes found
Score Distribution
Percent of People with Each Score
Percentile by Number Answered
Your Score History
You have not taken this quiz